[Event "Groningen op-B 55th"]
[Site "Groningen"]
[Date "2017.12.29"]
[Round "8"]
[White "Oord, Jan"]
[Black "Molanus, Florian"]
[Result "1/2-1/2"]
[WhiteElo "1512"]
[BlackElo "1289"]
[PlyCount "50"]
[EventDate "2017.12.22"]
[EventType "swiss"]
[EventRounds "9"]
[EventCountry "NED"]
[SourceTitle "CBM 182 Extra"]
[Source "ChessBase"]
[SourceDate "2018.02.23"]
[SourceVersion "1"]
[SourceVersionDate "2018.02.23"]
[SourceQuality "1"]

1. d4 d5 2. c4 c6 3. Nc3 Nf6 4. Nf3 Bf5 5. e3 e6 6. a4 a5 7. cxd5 exd5 8. Bd3 Bxd3 9. Qxd3 Bd6 10. 0-0 0-0 11. Bd2 Nbd7 12. Rac1 Re8 13. Rfe1 Ne4 14. Rc2 Nxd2 15. Qxd2 Nf6 16. Qd3 Qb6 17. Rec1 Ne4 18. Nd2 Nxd2 19. Qxd2 Qc7 20. g3 Qd7 21. Kg2 Re6 22. Rh1 Bb4 23. Qd1 Rh6 24. h4 Rd8 25. Ne2 b6 1/2-1/2